| 000 | 00378nam a22001457a 4500 | ||
|---|---|---|---|
| 005 | 20200606133101.0 | ||
| 008 | 200606b xxu||||| |||| 00| 0 eng d | ||
| 082 | _a345.4 | ||
| 110 |
_aALL INDIA REPORTER _95796 |
||
| 245 | _aALL INDIA REPORTER 2006 (V-93) BOMBAY SECTION | ||
| 260 | _bALL INDIA REPORTER PVT LTD. | ||
| 300 | _a160;p | ||
| 650 |
_aLAW _95701 |
||
| 942 | _cJRL | ||
| 999 |
_c6864 _d6862 |
||